000 00752cam a2200265 a 4500
001 30332
003 BD-RjUL
005 20211209051540.0
008 140409s2008 enka bd 000 0 eng
020 _a9780199541430
035 _a(BD-RjUL)30417
040 _aDLC
_cDLC
_dBD-RjUL
_beng
041 _aeng
082 0 0 _aR 103
_222
_bBLO 2008
100 1 _aBlackburn, Simon,
_d1944-
_991926
245 1 4 _aThe Oxford dictionary of philosophy /
_cSimon Blackburn.
246 3 0 _aDictionary of philosophy
250 _a2nd ed., rev.
260 _aOxford ;
_bOxford University Press,
_cc2008.
300 _a407 p. :
_bill. ;
_c20 cm.
650 0 _aPhilosophy
_xDictionaries.
_93467
942 _2ddc
_cBK
999 _c30332
_d30332